Statistics for Countries of the World in All JetPunk Featured Languages

Click here to take the quiz!

General Stats

  • This quiz has been taken 488 times
  • The average score is 817 of 1764

Answer Stats

Country% Correct
United States
86%
Stati Uniti
83%
United Kingdom
83%
Etats-Unis
82%
Vereinigte Staaten
82%
Stany Zjednoczone
81%
Yhdysvallat
81%
France
79%
Afghanistan
78%
Austrália
77%
Australia
77%
Canadá
77%
Canada
77%
Germany
77%
Spain
77%
Albânia
76%
Albania
76%
Austria
75%
Áustria
75%
Brazil
75%
China
75%
Chiny
75%
Finland
75%
Finnland
75%
Italy
75%
México
75%
Mexico
75%
Portugal
75%
Rússia
75%
Russia
75%
Andora
74%
Andorra
74%
Andorre
74%
Argentina
74%
Argentyna
74%
Japan
74%
Afghanistan
73%
Ireland
73%
Netherlands
73%
Poland
73%
Algeria
72%
Algieria
72%
Angola
72%
Antigua and Barbuda
72%
Antigua e Barbuda
72%
Antígua e Barbuda
72%
Antigua en Barbuda
72%
Antigua-et-Barbuda
72%
Antigua i Barbuda
72%
Antigua ja Barbuda
72%
Antigua und Barbuda
72%
Antigua y Barbuda
72%
Azerbaijan
72%
Azerbeidzjan
72%
Belgium
72%
Cuba
72%
Dominican Republic
72%
Iceland
72%
India
72%
Sweden
72%
Andorra
71%
Armenia
71%
Armênia
71%
Azerbaïdjan
71%
Bahama
71%
Belize
71%
Chile
71%
Congo-Kinshasa
71%
Democratic Republic
of the Congo
71%
Denmark
71%
Estônia
71%
Estonia
71%
Índia
71%
India
71%
Irão
71%
Panamá
71%
Panama
71%
Venezuela
71%
Azerbaijan
70%
Azerbaiyán
70%
Bolivia
70%
Bolívia
70%
Colômbia
70%
Colombia
70%
Dominica
70%
Haiti
70%
Haïti
70%
Haití
70%
Honduras
70%
Irak
70%
Iraq
70%
Norway
70%
Pakistán
70%
Pakistan
70%
Venezuela
70%
Yémen
70%
Yemen
70%
Zâmbia
70%
Zambia
70%
Bułgaria
69%
Bulgaria
69%
Bulgária
69%
Chad
69%
Costa Rica
69%
Ecuador
69%
Greece
69%
Guatemala
69%
Honduras
69%
Israël
69%
Israel
69%
Jamaica
69%
Kazajistán
69%
Kazakhstan
69%
Laos
69%
Latvia
69%
Níger
69%
Niger
69%
Omã
69%
Saint-Christophe-
et-Niévès
69%
Saint Kitts and Nevis
69%
Saint Kitts e Nevis
69%
Saint Kitts en Nevis
69%
Saint Kitts i Nevis
69%
Saint Kitts ja Nevis
69%
San Marino
69%
St. Kitts und Nevis
69%
Switzerland
69%
Turkey
69%
Vatican
69%
Vatican City
69%
Vietname
69%
Bahrain
68%
Bahrajn
68%
Bahrein
68%
Barbados
68%
Bhutan
68%
Catar
68%
Congo-Brazzaville
68%
Ecuador
68%
Egypt
68%
El Salvador
68%
Equador
68%
Guyana
68%
Indonesia
68%
Indonésia
68%
Kazakistan
68%
Lithuania
68%
Malta
68%
Morocco
68%
New Zealand
68%
Nicaragua
68%
Nicarágua
68%
Nigeria
68%
Nigéria
68%
North Korea
68%
Paraguay
68%
Perú
68%
Peru
68%
Perù
68%
Qatar
68%
Repubblica del Congo
68%
Repubblica Democratica
del Congo
68%
República del Congo
68%
República Democrática
del Congo
68%
República Democrática
do Congo
68%
República do Congo
68%
Republic of the Congo
68%
République démocratique
du Congo
68%
République du Congo
68%
Romania
68%
Saint Lucia
68%
Saint Vincent and the
Grenadines
68%
Saint Vincent e
Grenadine
68%
Saint Vincent en de
Grenadines
68%
Saint-Vincent-et-les-
Grenadines
68%
Saint Vincent i
Grenadyny
68%
Saint Vincent ja
Grenadiinit
68%
Santa Lucia
68%
Slovakia
68%
South Korea
68%
St. Lucia
68%
St. Vincent und die
Grenadinen
68%
Thailand
68%
Thaïlande
68%
Tonga
68%
Uruguay
68%
Zimbábue
68%
Zimbabwe
68%
Belarus
67%
Benim
67%
Benín
67%
Bénin
67%
Benin
67%
Bhutan
67%
Bielorrusia
67%
Bielorrússia
67%
Bielorussia
67%
Biélorussie
67%
Birma
67%
Bosnia and
Herzegovina
67%
Bosnia
ed Erzegovina
67%
Bósnia e Herzegovina
67%
Bośnia i Hercegowina
67%
Bosnia ja
Hertsegovina
67%
Bosnia y Herzegovina
67%
Brunei
67%
Brunéi
67%
Cambodia
67%
Granada
67%
Grenada
67%
Guatemala
67%
Guiné
67%
Guinea
67%
Guinée
67%
Irán
67%
Iran
67%
Kenia
67%
Kenya
67%
Kyrgyzstan
67%
Liechtenstein
67%
Luxembourg
67%
Luxemburg
67%
Malaysia
67%
Nauru
67%
Serbia
67%
Soedan
67%
Sudán
67%
Sudan
67%
Surinam
67%
Suriname
67%
Togo
67%
Turkménistan
67%
Turkmenistán
67%
Turkmenistan
67%
Ukraine
67%
United Arab Emirates
67%
Uruguay
67%
Weißrussland
67%
Wit-Rusland
67%
Bahama's
66%
Bahamas
66%
Bahamy
66%
Burundi
66%
Colombia
66%
Djibouti
66%
Eswatini
66%
Ethiopia
66%
Figi
66%
Fiji
66%
Georgia
66%
Geórgia
66%
Ghana
66%
Hungary
66%
Îles Marshall
66%
Isole Marshall
66%
Jordan
66%
Lebanon
66%
Malí
66%
Mali
66%
Monaco
66%
Mónaco
66%
Mônaco
66%
Mongólia
66%
Mongolia
66%
Myanmar
66%
Namibia
66%
Namíbia
66%
Oman
66%
Omán
66%
Paraguay
66%
Samoa
66%
Singapore
66%
Slovenia
66%
Somália
66%
Somalia
66%
Swasiland
66%
Swaziland
66%
Taiwan
66%
Tajikistan
66%
Trinidad and Tobago
66%
Trinidad en Tobago
66%
Trinidad e Tobago
66%
Trinidad und Tobago
66%
Trinidad y Tobago
66%
Tunisia
66%
Turkmenistan
66%
Uruguay
66%
Uzbekistan
66%
Uzbekistán
66%
Viêt Nam
66%
Vietnam
66%
Bahamas
65%
Bangladés
65%
Botsuana
65%
Botswana
65%
Central African Republic
65%
Croatia
65%
Cypr
65%
Czech Republic
65%
Gambia
65%
Gâmbia
65%
Grenada
65%
Guinea-Bissau
65%
Guinée-Bissau
65%
Ilhas Marshall
65%
Kroatia
65%
Kuwejt
65%
Lesotho
65%
Libya
65%
Liechtenstein
65%
Macedonia del Norte
65%
Macedonia Północna
65%
Mauritania
65%
Nepal
65%
Népal
65%
North Macedonia
65%
Oeganda
65%
Palaos
65%
Palau
65%
Rwanda
65%
Samoa
65%
Saudi Arabia
65%
South Africa
65%
Syria
65%
Taiwan
65%
Taïwan
65%
Taiwán
65%
Trinidad ja Tobago
65%
Uganda
65%
Vanuatu
65%
Djibouti
64%
Eritrea
64%
Gabón
64%
Gabon
64%
Guinea-Bissau
64%
Kazachstan
64%
Kiribati
64%
Kosovo
64%
Kuwait
64%
Kuweit
64%
Liechtenstein
64%
Montenegro
64%
Palau
64%
Philippines
64%
Rwanda
64%
Saudi-Arabia
64%
Senegal
64%
Sénégal
64%
South Sudan
64%
Tanzania
64%
Tanzânia
64%
Tunísia
64%
Tunisia
64%
Tuvalu
64%
Burkina Faso
63%
Cameroon
63%
Cyprus
63%
Islas Salomón
63%
Liberia
63%
Libéria
63%
Mauritânia
63%
Mauritania
63%
Monténégro
63%
Montenegro
63%
Mozambique
63%
Myanmar
63%
Republika Zielonego
Przylądka
63%
Salomon
63%
Sri Lanka
63%
Tadjikistan
63%
Tadzjikistan
63%
Vanuatu
63%
Birmania
62%
Birmânia
62%
Birmanie
62%
Cape Verde
62%
Comores
62%
Comoros
62%
East Timor
62%
Ivory Coast
62%
Madagáscar
62%
Madagascar
62%
Madagaskar
62%
Malaui
62%
Malawi
62%
Moldávia
62%
Moldavie
62%
Moldova
62%
Myanmar
62%
Papoea-Nieuw-Guinea
62%
Papua New Guinea
62%
São Tomé and Príncipe
62%
Sao Tome en Principe
62%
São Tomé e Príncipe
62%
Sao Tome e Principe
62%
Sao Tomé-et-Principe
62%
São Tomé ja Príncipe
62%
São Tomé und
Príncipe
62%
Suriname
62%
Tagikistan
62%
Tayikistán
62%
Vanuatu
62%
Bangladesh
61%
Equatorial Guinea
61%
Eswatini
61%
Liechtenstein
61%
Maldive
61%
Mauritius
61%
Seychelles
61%
Burkina Faso
60%
Federated States of
Micronesia
60%
Micronesia
60%
Sierra Leone
60%
Burkina Faso
59%
Centraal-Afrikaanse
Republiek
59%
Deutschland
59%
Swazimaa
59%
Estados Federados
de Micronesia
58%
Estados Federados da
Micronésia
58%
Maldives
58%
Marshall Islands
58%
Mauritius
58%
Sierra Leone
58%
Stati Federati di
Micronesia
58%
Equatoriaal-Guinea
57%
Solomon Islands
56%
Brasil
55%
Macedonia del Nord
55%
Macedónia do Norte
55%
España
54%
Italia
54%
Itália
54%
Albanie
48%
Albanië
48%
Island
47%
Australie
46%
Australië
46%
Côte d'Ivoire
46%
Holandia
46%
Timor oriental
46%
Armenië
45%
Arménie
45%
Elfenbeinküste
45%
Osttimor
45%
Algérie
44%
Oost-Timor
44%
Österreich
44%
Costa do Marfim
43%
Ivoorkust
43%
Belgia
42%
Costa d'Avorio
42%
Irland
42%
Italië
42%
Italie
42%
Itä-Timor
42%
Norsunluurannikko
42%
Timor Leste
42%
Wybrzeże Kości
Słoniowej
42%
Bulgarie
41%
Papua-Uusi-Guinea
41%
Argentine
40%
Bolivie
40%
Cap-Vert
40%
België
38%
Cabo Verde
38%
Dänemark
38%
Indonésie
38%
Indonesië
38%
Bosnië
en Herzegovina
37%
Bosnie-Herzégovine
37%
Indie
37%
Irak
37%
Nederland
37%
Afganistan
36%
Afganistán
36%
Géorgie
36%
Georgië
36%
Irak
36%
Japón
36%
Japon
36%
Liban
36%
Suomi
36%
Belgique
35%
Estados Unidos
35%
Francia
35%
Luxemburg
35%
Mauritanie
35%
Mongolei
35%
Serbie
35%
Syrie
35%
Syrië
35%
Kanada
34%
Suisse
34%
Allemagne
33%
Chine
33%
Litauen
33%
Luxemburg
33%
Mauritanië
33%
Mongolië
33%
Mongolie
33%
Polska
33%
Bután
32%
Ethiopië
32%
Éthiopie
32%
Papouasie-Nouvelle-
Guinée
32%
Papua-Neuguinea
32%
Papua Nueva Guinea
32%
Russie
32%
Slovénie
32%
Slovenië
32%
Somalie
32%
Somalië
32%
Tunisie
32%
Jordanie
31%
Jordanië
31%
Libano
31%
Líbano
31%
Libia
31%
Namibie
31%
Namibië
31%
Zambie
31%
Colombie
30%
Kenia
30%
Kirguistán
30%
Kuba
30%
Libia
30%
Líbia
30%
Libye
30%
Papua Nova Guiné
30%
Albanien
29%
Alemania
29%
Australien
29%
Chade
29%
Croatie
29%
Finlandia
29%
Finlândia
29%
Frankreich
29%
Kirghizistan
29%
Papua-Nowa Gwinea
29%
Ruanda
29%
Russland
29%
Tanzanie
29%
Argentinië
28%
Demokratische
Republik Kongo
28%
Demokratyczna
Republika Konga
28%
Estados Unidos
28%
Italien
28%
Katar
28%
Kongo
28%
Kongon demokraattinen
tasavalta
28%
Kongon tasavalta
28%
Maroc
28%
Noord-Korea
28%
Republik Kongo
28%
Singapur
28%
Algerien
27%
Armenien
27%
Belgien
27%
Chili
27%
Estonie
27%
Gambie
27%
Jordania
27%
Jordânia
27%
Kamerun
27%
Liettua
27%
Nordkorea
27%
Bulgarien
26%
Danemark
26%
Etiópia
26%
Etiopía
26%
Etiopia
26%
Filipinas
26%
Grecia
26%
Grécia
26%
Jemen
26%
Malte
26%
Marokko
26%
Schweiz
26%
Spanien
26%
Südkorea
26%
Bolivien
25%
Brasilia
25%
Brasilien
25%
Hungría
25%
Indien
25%
Polen
25%
Saoedi-Arabië
25%
Bosnien und
Herzegowina
24%
Dominika
24%
Égypte
24%
Egypte
24%
Georgien
24%
Grèce
24%
Islandia
24%
Islândia
24%
Kroatië
24%
Madagaskar
24%
Mexiko
24%
Mexique
24%
Royaume-Uni
24%
Serbien
24%
Sud Sudan
24%
Südsudan
24%
Argentinien
23%
Bélgica
23%
Ciudad del Vaticano
23%
Espagne
23%
Indonesien
23%
Irlande
23%
Jamaika
23%
Libië
23%
Rusia
23%
Tchad
23%
Estland
22%
Finlande
22%
Grenade
22%
Guinee
22%
Irlanda
22%
Libanon
22%
Maroko
22%
Niederlande
22%
Noord-Macedonië
22%
Pays-Bas
22%
Polonia
22%
Polônia
22%
Repubblica Dominicana
22%
República Dominicana
22%
Síria
22%
Siria
22%
Südafrika
22%
Vatikanstadt
22%
Baréin
21%
Camerún
21%
Camerun
21%
Città del Vaticano
21%
Comoras
21%
Jordanien
21%
Kirghizistan
21%
Kroatien
21%
Lesoto
21%
Lettland
21%
Malaisie
21%
Marokko
21%
Mauretanien
21%
Micronésie
21%
Reino Unido
21%
Sudáfrica
21%
Sudafrica
21%
Syrien
21%
Autriche
20%
Bahreïn
20%
Bahrein
20%
França
20%
Inde
20%
Lituânia
20%
Lituania
20%
República Dominicana
20%
Thailandia
20%
Vaticano
20%
Belgia
19%
Corea del Norte
19%
Egipt
19%
Granada
19%
Islande
19%
Maldiven
19%
Moldavia
19%
Noorwegen
19%
Países Bajos
19%
República
Centroafricana
19%
République
Centrafricaine
19%
Salvador
19%
Suède
19%
Türkei
19%
Ungarn
19%
Brazilië
18%
Brésil
18%
Dominique
18%
Émirats arabes unis
18%
Griechenland
18%
Guiana
18%
Guiné-Bissau
18%
Kirgisia
18%
Libyen
18%
Malásia
18%
Malasia
18%
Moldavië
18%
Reino Unido
18%
Rumänien
18%
Schweden
18%
Suecia
18%
Suécia
18%
Tschad
18%
Turquie
18%
Arabia Saudita
17%
Argelia
17%
Argélia
17%
Barbade
17%
Dinamarca
17%
Emiratos Árabes
Unidos
17%
Espanja
17%
Kap Verde
17%
Kirgisistan
17%
Kirgizië
17%
Kolumbia
17%
Lituanie
17%
Lussemburgo
17%
Nordmazedonien
17%
Norwegen
17%
Rumania
17%
Sambia
17%
Santa Lucía
17%
Santa Lúcia
17%
Sudán del Sur
17%
Tunesië
17%
Vereinigtes Königreich
17%
Afrique du Sud
16%
Aserbaidschan
16%
Belice
16%
Brasile
16%
Cameroun
16%
Comores
16%
Corea del Sur
16%
Corée du Nord
16%
Emirati Arabi Uniti
16%
Filipinas
16%
Föderierte Staaten
von Mikronesien
16%
Gana
16%
Jamaïque
16%
Kap Verde
16%
Kasachstan
16%
Kazakstan
16%
Kolumbien
16%
Komoren
16%
Letónia
16%
Letonia
16%
Luxemburgo
16%
Noruega
16%
Norvège
16%
Pologne
16%
Sainte-Lucie
16%
Saint-Marin
16%
Saudi-Arabien
16%
Seychellen
16%
Slovaquie
16%
Tailândia
16%
Tailandia
16%
Tansania
16%
Trinité-et-Tobago
16%
Turquía
16%
Turquia
16%
Usbekistan
16%
Bangladesch
15%
Chipre
15%
Corée du Sud
15%
Croácia
15%
Croacia
15%
Emirados Árabes
Unidos
15%
Germania
15%
Hungria
15%
Irlandia
15%
Lettonie
15%
Luxemburgo
15%
Malediven
15%
Mosambik
15%
Neuseeland
15%
Noruega
15%
Nouvelle-Zélande
15%
Nueva Zelanda
15%
Países Baixos
15%
República Checa
15%
République dominicaine
15%
São Vicente e
Granadinas
15%
Simbabwe
15%
Soudan
15%
Tschechien
15%
Tunesien
15%
Ukraina
15%
Vereinigte Arabische
Emirate
15%
Ägypten
14%
Äthiopien
14%
Bhoutan
14%
Egypti
14%
Eslovénia
14%
Eslovenia
14%
Fidji
14%
Fidschi
14%
Guinee-Bissau
14%
Île Maurice
14%
Kambodscha
14%
Kirgistan
14%
Maldivas
14%
Marruecos
14%
Maurícia
14%
Mozambik
14%
République tchèque
14%
Roumanie
14%
Slowakei
14%
Slowenien
14%
Suiza
14%
Ucrania
14%
Ucrânia
14%
Verenigde Arabische
Emiraten
14%
Zentralafrikanische
Republik
14%
Zypern
14%
Camboja
13%
Chypre
13%
Dominikanische
Republik
13%
Dschibuti
13%
Egipto
13%
Eslovaquia
13%
Eslováquia
13%
Gabun
13%
Hongrie
13%
Mauricio
13%
Mjanma
13%
Monako
13%
Pérou
13%
Philippinen
13%
República Checa
13%
Tadschikistan
13%
Arabie Saoudite
12%
Cambodge
12%
Cina
12%
Duitsland
12%
Dżibuti
12%
Fiyi
12%
Guinea Ecuatorial
12%
Guinée équatoriale
12%
Islas Marshall
12%
Japani
12%
Marocco
12%
Marshallinseln
12%
Moldawien
12%
Palaos
12%
Rusland
12%
San Vicente y las
Granadinas
12%
Sierra Leona
12%
Singapour
12%
Soudan du Sud
12%
Timor Oriental
12%
Zimbabue
12%
Camboya
11%
Équateur
11%
Mikronesia
11%
Niemcy
11%
Nikaragua
11%
Ouganda
11%
Ouzbékistan
11%
Portugali
11%
San Cristóbal y Nieves
11%
Singapura
11%
Suazilândia
11%
Túnez
11%
Verenigde Staten
11%
Verenigd Koninkrijk
11%
Yibuti
11%
Iraque
10%
Isole Salomone
10%
Kolumbia
10%
Letland
10%
Nieuw-Zeeland
10%
Norvegia
10%
Pohjois-Makedonia
10%
Salomonen
10%
Zuid-Afrika
10%
Äquatorial-Guinea
9%
Cambodja
9%
Cile
9%
Comoren
9%
Corea del Nord
9%
Costa de Marfil
9%
Espanha
9%
Filippine
9%
Frankrijk
9%
Islanda
9%
Israele
9%
Japonia
9%
Meksiko
9%
Moçambique
9%
Nuova Zelanda
9%
Paraguai
9%
República
Centro-Africana
9%
Santo Tomé y Príncipe
9%
Svizzera
9%
Timor Est
9%
Uruguai
9%
Viro
9%
Wielka Brytania
9%
Zjednoczone Emiraty
Arabskie
9%
Afeganistão
8%
Arabia Saudita
8%
Arábia Saudita
8%
Azerbaijão
8%
Belgio
8%
Butão
8%
Corea del Sud
8%
Dania
8%
Érythrée
8%
Fidži
8%
Iémen
8%
Izrael
8%
Japão
8%
Kazachstan
8%
Kosowo
8%
Koweït
8%
Norwegia
8%
Oostenrijk
8%
Paesi Bassi
8%
Słowenia
8%
Spagna
8%
Suazilandia
8%
Tsjaad
8%
Ucraina
8%
Zuid-Korea
8%
África do Sul
7%
Alemanha
7%
Algerije
7%
Boliwia
7%
Croazia
7%
Denemarken
7%
Egito
7%
Fidżi
7%
Guinea Equatoriale
7%
Guiné Equatorial
7%
IJsland
7%
Kambodža
7%
Kambodża
7%
Kameroen
7%
Lettonia
7%
Macédoine du Nord
7%
Malesia
7%
Messico
7%
Nova Zelândia
7%
Paquistão
7%
Regno Unito
7%
Repubblica Ceca
7%
Spanje
7%
Sudão
7%
Tšad
7%
Zuid-Soedan
7%
Azerbaidžan
6%
Bangladesz
6%
Bulgarije
6%
Ciad
6%
Cipro
6%
Coréia do Norte
6%
Czad
6%
Czechy
6%
Danimarca
6%
Egitto
6%
Francja
6%
Gabão
6%
Giappone
6%
Gibuti
6%
Giordania
6%
Griekenland
6%
Ierland
6%
Kypros
6%
Litouwen
6%
Mauretania
6%
Norja
6%
Oekraïne
6%
Portugalia
6%
Quênia
6%
Saksa
6%
Servië
6%
Sudão do Sul
6%
Svezia
6%
Tadžikistan
6%
Tanska
6%
Tsjechië
6%
Turkije
6%
Uzbequistão
6%
Vaticaanstad
6%
Venäjä
6%
Wietnam
6%
Włochy
6%
Zweden
6%
Zwitserland
6%
Alankomaat
5%
Argentiina
5%
Białoruś
5%
Brazylia
5%
Camarões
5%
Cambogia
5%
Capo Verde
5%
Chorwacja
5%
Coréia do Sul
5%
Dominicaanse Republiek
5%
Ekwador
5%
Erytrea
5%
Giamaica
5%
Grecja
5%
Gruzja
5%
Gujana
5%
Gwatemala
5%
Gwinea
5%
Gwinea Bissau
5%
Hiszpania
5%
Hongarije
5%
Irlanti
5%
Islanti
5%
Itävalta
5%
Kaapverdië
5%
Kiina
5%
Koeweit
5%
Komory
5%
Korea Północna
5%
Kostaryka
5%
Kreikka
5%
Kuuba
5%
Litwa
5%
Luksemburg
5%
Marshalleilanden
5%
Meksyk
5%
Mołdawia
5%
Nowa Zelandia
5%
Oezbekistan
5%
Papua Nuova Guinea
5%
Paragwaj
5%
Pohjois-Korea
5%
Portogallo
5%
Puola
5%
Quirguistão
5%
Ranska
5%
Roemenië
5%
Romênia
5%
Rosja
5%
Ruotsi
5%
Salwador
5%
Sérvia
5%
Slovacchia
5%
Slowakije
5%
Suíça
5%
Tajiquistão
5%
Tajwan
5%
Tšekki
5%
Turchia
5%
Turquemenistão
5%
Ungheria
5%
Unkari
5%
Valko-Venäjä
5%
Węgry
5%
Wenezuela
5%
Azerbejdżan
4%
Cazaquistão
4%
Czarnogóra
4%
Dominikaaninen
tasavalta
4%
Dominikana
4%
Eritreia
4%
Etelä-Afrikka
4%
Etelä-Korea
4%
Etelä-Sudan
4%
Filipijnen
4%
Filipiny
4%
Filippiinit
4%
Ilhas Salomão
4%
Indonezja
4%
Intia
4%
Jamajka
4%
Keski-Afrikan tasavalta
4%
Komorit
4%
Łotwa
4%
Malediivit
4%
Malediwy
4%
Maleisië
4%
Malezja
4%
Marrocos
4%
Mikronezja
4%
Mozambico
4%
Päiväntasaajan Guinea
4%
Repubblica Centrafricana
4%
Republika
Środkowoafrykańska
4%
Rumunia
4%
Salomonsaaret
4%
Salomonseilanden
4%
Słowacja
4%
Sveitsi
4%
Syyria
4%
Szwecja
4%
Tajlandia
4%
Thaimaa
4%
Tunezja
4%
Turcja
4%
Turkki
4%
Urugwaj
4%
Uusi-Seelanti
4%
Vatikaanivaltio
4%
Watykan
4%
Yhdistyneet
arabiemiirikunnat
4%
Yhdistynyt
kuningaskunta
4%
Arabia Saudyjska
3%
Gwinea Równikowa
3%
Korea Południowa
3%
Marshallinsaaret
3%
Republika
Południowej Afryki
3%
São Cristóvão
e Nevis
3%
Serra Leoa
3%
Seszele
3%
Seychellit
3%
Sudan Południowy
3%
Szwajcaria
3%
Tadżykistan
3%
Timor Wschodni
3%
Trynidad i Tobago
3%
Wyspy Marshalla
3%
Wyspy Salomona
3%
Wyspy Świętego
Tomasza i Książeca
3%

Score Distribution

Percentile by Number Answered

Percent of People with Each Score

Your Score History

You have not taken this quiz